[Event "Grenke Chess Classic 5th"]
[Site "Karlsruhe/Baden-Baden"]
[Date "2018.04.04"]
[Round "4"]
[White "Caruana, Fabiano"]
[Black "Naiditsch, Arkadij"]
[Result "1-0"]
[WhiteElo "2784"]
[BlackElo "2701"]
[Annotator "Mekhitarian,K"]
[PlyCount "83"]
[EventDate "2018.03.31"]
[EventType "tourn"]
[EventRounds "9"]
[EventCountry "GER"]
[EventCategory "20"]
[SourceTitle "CBM 184"]
[Source "ChessBase"]
[SourceDate "2018.05.16"]
[SourceVersion "1"]
[SourceVersionDate "2018.05.16"]
[SourceQuality "1"]

1. e4 e5 2. Nf3 Nc6 3. Bb5 Nf6 4. d3 d6 $5 5. O-O Bd7 6. Re1 Be7 (6... g6 {
trying to achieve the perfect setup with ...g6 allows a quick 7.d4!} 7. d4 Bg7
8. d5 Ne7 9. Bxd7+ Nxd7 10. Be3 O-O 11. c4 h6 (11... f5 {allows Ng5!} 12. Ng5 {
[%csl Re6]}) 12. Nfd2 $1 {building a strong center with f3 and putting all the
hopes on a queenside expansion. The light-squared bishop exchange on move 9 is
very convenient for White in these King's Indian pawn structures.} f5 13. f3 g5
14. Nc3 fxe4 15. fxe4 Ng6 16. g3 $14 {1-0 (26) Caruana,F (2817)-Finegold,B 
(2481) chess.com INT 2017}) 7. c3 O-O 8. h3 Re8 9. a4 Bf8 10. Bg5 h6 11. Bh4 g5
$5 {it's always a little bit risky to push this pawn two squares!} (11... Be7
$1 {followed by ...Nh5 ideas was a decent option for Black.}) 12. Bg3 Ne7 13.
Bxd7 (13. Bc4 $5 $13 {keeping all the pieces was interesting.}) 13... Qxd7 14.
Nbd2 {[%cal Gb1d2,Gd2c4,Gc4e3,Ge3f5]} Ng6 15. Nc4 Rad8 16. Ne3 $14 {[%csl Rf5]
This knight is heading to f5.} d5 17. exd5 Bg7 (17... Nxd5 $2 18. Ng4 $1 $16)
18. d4 $5 (18. h4 $5 {was definitely worth considering as well.} Nxd5 (18... g4
19. Nd2 Nxd5 20. Nxd5 Qxd5 21. h5 Nf4 22. Bxf4 exf4 23. Qxg4 Qxd3 24. Ne4 $1
$16 (24. Nf1 $5 $16 {is also fine}) 24... Rxe4 $2 25. Red1 $1) 19. Nxd5 Qxd5
20. hxg5 hxg5 (20... Qxd3 21. gxh6 Qxd1 22. Raxd1 Rxd1 23. Rxd1 Bxh6 24. Rd7
$16) 21. Nxg5 Qxd3 22. Qg4 $40) 18... exd4 19. cxd4 $6 {Not a very pleasant
move to make, but I imagine Caruana was still counting on Black's king being
somewhat weaker until the end of the game.} (19. Qxd4 $1 Ne4 (19... Nxd5 20.
Qxd5 Qxd5 21. Nxd5 Rxe1+ 22. Rxe1 Rxd5 23. Re8+ Kh7 24. Bxc7 $16) 20. Be5 $1 {
a tough move to spot} Bxe5 21. Nxe5 Rxe5 22. Ng4 $3 Rxd5 (22... Qxd5 23. Nxe5
$18) 23. Qxe4 Kg7 24. Ne3 $16) 19... Nxd5 20. Nxd5 Rxe1+ 21. Qxe1 Qxd5 22. Bxc7
Rc8 23. Rc1 Bxd4 {Not expected by Caruana, as he mentioned in the Press
Conference. But as risky as it looks, Black gets the pawn back, without any
disaster happening.} 24. Qd2 Qd7 $1 {Forced and good.} 25. Nxd4 (25. Qxd4 Rxc7
26. Rxc7 Qxc7 27. Qxa7 {allows the typical perpetual check:} Qc1+ 28. Kh2 Qf4+
29. Kg1 Qc1+ 30. Kh2 $11) 25... Rxc7 26. Rxc7 Qxc7 27. Nf5 {The position is
objectively equal, but in practice, Black always needs to take care of his
king, as long as there are queens on the board.} Kh7 28. g3 Ne5 {The knight
shouldn't stay loose like this. The move itself is not a mistake, but
difficult moves have to be found from now on. Caruana considered it as a
practical mistake already.} (28... Qc6 $1 {mentioned by Caruana after the game,
this is one of the consistent moves in the position. Now ...Ne5 may actually
be a nice move, and Black remains solid after all. The knight is strong on f5,
but White needed a specific target to create a direct attack against the
opponent's king.}) (28... Qc5 $1 {demands more calculation, but also works} 29.
Qd7 Ne5 30. Qxb7 Qc2 $1 {[%csl Ra4,Rf5]} 31. g4 (31. Ne3 Qxa4 $11) 31... Qxa4
$11) 29. Qe3 Nc4 $6 (29... f6 $1 {Again, Black has to be careful, but he's
doing just fine.} 30. Qe4 (30. Nd4 Qc4 31. Qe4+ Kh8 32. Kg2 Qd3 $11) 30... Qc6
$1 $11) 30. Qc3 Qe5 31. Qd3 Nxb2 32. Qc2 Qe1+ 33. Kg2 Qd1 34. Qe4 {These last
moves by Naiditsch were a bit too adventurous. Now he had to show some calm
and go for 34...Qd7!, mentioned by GM Jan Gustafsson in the press conference
as a suggestion. This move somehow still holds the position together} Qxa4 $2 (
34... Qd7 $1 {it's always hard to allow a discovered check like this one.} 35.
Qe5 (35. Kh2 Nxa4 36. Qe5 Kg6 $3 $11 {preparing the escape, as well as the ...
f6 move.}) 35... Qc6+ 36. Kg1 Qg6 $11 {still surviving.}) 35. Qxb7 Qa2 36. Ne3
$1 $18 {Suddenly, the black knight is totally out of play (there is Qe4+
against ...Nd3)} Kg7 {Threatening ...Nd3 now.} (36... Na4 37. Nd5 $1 {cutting
off Black's queen's defence of f7} Kg7 38. Qc6 $1 Qa1 {keeping an eye on f6}
39. Ne3 $1 {when Black can not resist the attack with Nf5+.}) 37. Qb4 $1 {
[%csl Rb2] This move serves two purposes: dominate the b2-knight and create a
irresistible attack for White. Qd4+ is a threat here, for example. The black
pieces are completely out of play.} Qb1 (37... Na4 38. Qd4+ Kg6 39. Qe4+ Kg7
40. Qc6 Kh7 41. Ng4 $18) (37... a5 38. Qd4+ Kh7 39. Nf5 Kg6 40. g4 f6 41. Qe4
$18) 38. g4 Kg8 39. Nf5 Qc2 40. Qb8+ Kh7 41. Qb7 Kh8 42. Qe7 $1 {[%cal Ge7f8]}
1-0

[Event "Grenke Chess Classic 5th"]
[Site "Karlsruhe/Baden-Baden"]
[Date "2018.04.09"]
[Round "9"]
[White "Vitiugov, Nikita"]
[Black "Caruana, Fabiano"]
[Result "0-1"]
[WhiteElo "2735"]
[BlackElo "2784"]
[Annotator "Roiz,M"]
[PlyCount "80"]
[EventDate "2018.03.31"]
[EventType "tourn"]
[EventRounds "9"]
[EventCountry "GER"]
[EventCategory "20"]
[SourceTitle "CBM 184"]
[Source "ChessBase"]
[SourceDate "2018.05.16"]
[SourceVersion "1"]
[SourceVersionDate "2018.05.16"]
[SourceQuality "1"]

1. e4 e5 2. Nf3 Nf6 3. d4 Nxe4 4. dxe5 d5 5. Nbd2 Qd7 $146 ({Just a few weeks
previously Fabiano faced this line in the extremely important game:} 5... Nxd2
6. Bxd2 Be7 7. Bd3 c5 8. c3 Nc6 9. O-O Bg4 10. Re1 Qd7 11. h3 Bh5 12. Bf4 {
Grischuk,A - Caruana,F Berlin GER 2018, White had a promising position, but
eventually got outplayed.}) ({In addition, the following moves have been
tested at this high level:} 5... Nc5) (5... Be7) (5... Nc6) ({and} 5... Bf5 {
Seemingly, none guarantees Black an easy equalisation.}) 6. Bd3 {The most
natural way of development.} ({In the event of} 6. Nxe4 dxe4 7. Nd4 Nc6 8. Bb5
Bc5 9. Nxc6 (9. Be3 Bxd4 10. Bxd4 Qd5 11. c4 Qe6 12. O-O a6 13. Bxc6+ Qxc6 $11)
9... bxc6 10. Qxd7+ Bxd7 11. Ba4 O-O-O $11 {The active piece play offers Black
a sufficient compensation for the structural drawbacks.}) ({The modest} 6. Be2
{can hardly pose Black any problems. For instance,} Be7 7. O-O Nc6 8. c4 Nc5 9.
Nb3 dxc4 10. Nxc5 Bxc5 11. Bxc4 Qxd1 12. Rxd1 Be6 $11) 6... Nc5 {The knight is
heading for e6 in order to consolidate Black's setup on the q-side.} 7. Be2 g6
8. Nb3 (8. O-O $5 {also deserved attention:} Bg7 (8... Nc6 9. Nb3 Ne6 10. Nbd4
Ncxd4 11. Nxd4 Bg7 12. f4 {looks somewhat worse for Black, whose dark-squared
bishop is locked in.}) 9. Nb3 Ne6 10. Nfd4 Bxe5 11. Bh6 $44 {would offer White
definite compensation for a pawn due to the better development. However,
Nikita doesn't like to check out the most principled lines against a
well-prepared opponent.}) 8... Ne6 9. Be3 {This move seems somewhat inaccurate.
} ({The correct way was:} 9. Nbd4 $1 {exchanging the misplaced knight} Nxd4 (
9... Bg7 10. Nxe6 Qxe6 11. O-O O-O 12. Bf4 Nd7 13. Re1 $14) 10. Qxd4 $1 Bg7 11.
O-O Nc6 12. Qc5 b6 13. Qa3 {White's development advantage might tell, though
Black's position still seems solid.}) 9... c5 $1 {That's the point! Black
takes control over the centre now.} 10. Ng5 $1 {GM Vitiugov is reasonably
swapping the knights - now the vulnerable e5-pawn can be protected.} (10. c3 b6
11. O-O Nc6 $15) 10... b6 11. Nxe6 fxe6 12. a4 $1 {Nikita's creative play
enables White to maintain the balance.} ({In th event of the natural} 12. O-O
Bb7 13. c3 Nc6 14. f4 Bh6 $15 {Black's position would be easier to handle.})
12... Bb7 13. O-O Nc6 14. f4 ({A more precise move was} 14. c3 $1 Bg7 (14...
Nxe5 15. Re1 {offers White excellent compensation for a pawn.}) 15. f4 O-O 16.
Bb5 a6 17. Be2 $132 {[%csl Rb6,Rc5][%cal Ga4a5]}) 14... Bh6 $1 {The lack of
harmony in White's camp causes Nikita some problems now.} 15. a5 {The advance
of the a-pawn doesn't really bother Fabiano.} (15. Qe1 d4 16. Bd2 O-O 17. Qh4
Bg7 $15) 15... Ne7 {Making the c6-spot vacant for the bishop.} 16. Bg4 (16. c3
O-O 17. Qe1 Nf5 18. Bd2 d4 $15) 16... d4 17. Bc1 O-O {Black is better due to a
space advantage, but it's hard to make any real progress.} 18. Qd3 (18. c4 Nf5
19. Bf3 Rab8 $15) 18... Bd5 19. Qh3 Bg7 20. Nd2 {Eventually admitting the
mistake - the Nb3 had no prospects.} Nf5 21. c4 dxc3 22. bxc3 Rad8 (22... b5 $5
23. Ba3 (23. Re1 Rab8 24. Ne4 Bxe4 25. Rxe4 h5 $36) 23... Rac8 24. Rf2 Rfd8 $15
) 23. axb6 axb6 24. Re1 b5 {A slight inaccuracy.} ({A more energetic try was} 
24... Ra8 25. Rxa8 Rxa8 26. Bf3 h5 $15 {and White is doomed to passive defence.
}) 25. Ne4 $6 {This move is a serious positional mistake.} ({It was much
better to keep the knight on the board:} 25. Bf3 $1 b4 (25... Ra8 26. Rxa8 Rxa8
27. g4 Ne7 28. Ne4 $132) 26. Bxd5 Qxd5 27. Ne4 {and White manages to maintain
the balance.}) 25... Qe7 $2 {Returning the favour!} ({In the event of} 25...
Bxe4 $1 26. Rxe4 h5 27. Bxf5 {The lesser evil.} (27. Bf3 Qd3 $19) (27. Be2 Qc6
28. Bf3 Rd3 29. Re3 Qd7 $19) 27... Qd1+ 28. Kf2 Rxf5 29. Re1 Qb3 $17 {The
vulnerablity of his king puts White in big danger.}) 26. Ng5 $2 {Luckily for
Caruana, Nikita is focused on the counter-attacking measures and pushes too
hard...} ({At the same time, the cool-blooded} 26. Bf3 $1 b4 27. Ng5 h6 28.
Bxd5 Rxd5 29. Ne4 $11 {would have kept everything under control.}) 26... h6 27.
Nf3 (27. Ne4 {would hardly be much better:} b4 28. cxb4 cxb4 {, and the passer
is extremely strong.}) 27... Bc6 {There is nothing to do against the
penetration of Black's rook.} 28. Bxf5 gxf5 29. Be3 ({Nothing is changed by} 
29. Nh4 Ra8 30. Be3 Rxa1 31. Rxa1 Rd8 $19) 29... Rd3 30. Rac1 Ra8 $19 {Now
Black's pieces are dominating over the board.} 31. Qh4 Qxh4 32. Nxh4 c4 33. Kf2
({Or} 33. Bc5 Ra2 34. Bd6 Bf8 $19) 33... Bf8 34. Nf3 Bd5 ({A simpler way is} 
34... Bxf3 35. gxf3 Ra3 36. Bd4 b4 $19) 35. Nd4 Bc5 36. Nxf5 {Desperation.} ({
The most stubborn was} 36. Nc2 {though Black's task still doesn't seem tough:}
Ba3 37. Nxa3 Rxa3 38. Bc5 Rd2+ 39. Re2 Rxe2+ 40. Kxe2 Ra2+ 41. Ke3 Rxg2 $19)
36... Ba3 37. Nxh6+ Kg7 38. f5 Bxc1 39. Bxc1 Rxc3 40. f6+ Kg6 {This important
victory yielded Fabiano another clear 1st place!} 0-1

[Event "Norway Chess 6th"]
[Site "Stavanger"]
[Date "2018.06.03"]
[Round "6"]
[White "Aronian, Levon"]
[Black "Caruana, Fabiano"]
[Result "1/2-1/2"]
[WhiteElo "2764"]
[BlackElo "2822"]
[PlyCount "56"]
[EventDate "2018.05.28"]
[EventType "tourn"]
[EventRounds "9"]
[EventCountry "NOR"]
[EventCategory "22"]
[SourceTitle "CBM 185"]
[Source "ChessBase"]
[SourceDate "2018.07.13"]
[SourceVersion "1"]
[SourceVersionDate "2018.07.13"]
[SourceQuality "1"]
[TimeControl "60"]

1. d4 Nf6 2. Nf3 d5 3. c4 e6 4. Nc3 dxc4 5. e4 Bb4 6. Bxc4 Nxe4 7. O-O Nf6 8.
Qa4+ Nc6 9. Ne5 Rb8 10. d5 exd5 11. Nxd5 Nxd5 12. Nxc6 bxc6 13. Qxc6+ Qd7 14.
Bxd5 O-O 15. Qxd7 Bxd7 16. Be3 Bd6 17. b3 a5 18. Rfd1 a4 19. Rac1 axb3 20. axb3
Rfe8 21. h3 Be6 22. Bxe6 Rxe6 23. Bc5 Bxc5 24. Rxc5 g6 25. Rxc7 Rxb3 26. Rcd7
Rb8 27. Rd8+ Rxd8 28. Rxd8+ Kg7 1/2-1/2

[Event "Paris GCT blitz"]
[Site "Paris"]
[Date "2018.06.24"]
[Round "18"]
[White "Nakamura, Hikaru"]
[Black "Caruana, Fabiano"]
[Result "1-0"]
[WhiteElo "2769"]
[BlackElo "2816"]
[Annotator "Yermolinsky,A"]
[PlyCount "243"]
[EventDate "2018.06.23"]
[EventType "tourn (blitz)"]
[EventRounds "18"]
[EventCountry "FRA"]
[EventCategory "22"]
[SourceTitle "CBM 185"]
[Source "ChessBase"]
[SourceDate "2018.07.13"]
[SourceVersion "1"]
[SourceVersionDate "2018.07.13"]
[SourceQuality "1"]

1. d4 Nf6 2. c4 e6 3. Nf3 d5 4. Nc3 a6 5. cxd5 exd5 6. Bg5 Be6 7. e3 Nbd7 8.
Bd3 Bd6 9. O-O O-O 10. Rc1 c6 11. Bf4 Bxf4 12. exf4 Bg4 13. Be2 Bxf3 14. Bxf3
Re8 15. g3 Nb6 16. b3 Qd6 17. Qd3 Re7 18. Rfe1 Rae8 19. Re5 Nbd7 20. Rc2 Qb4
21. Rxe7 Rxe7 22. Kg2 Nf8 23. h4 Ne6 24. Ne2 Nc7 25. Qc3 Qxc3 26. Rxc3 Kf8 27.
h5 Ne4 28. Rc2 Nd6 29. Kf1 Re8 30. a4 a5 31. Nc1 Ne6 32. Ne2 Ra8 33. Bg4 f5 34.
Bf3 Ra6 35. Rc3 Rb6 36. Ke1 Rb4 37. Rd3 b5 38. Rc3 bxa4 39. bxa4 Nc4 40. Rc1
Rxa4 41. Nc3 Ra3 42. Be2 Nd6 43. Bd1 Nxd4 44. Ne2 N6b5 45. Nxd4 Nxd4 46. Rb1
Nb5 47. Be2 Nd6 48. Rb6 Rc3 49. Ra6 Rc5 $6 {No matter how good the position,
in blitz one should never go back.} (49... Ne4 50. Kf1 d4 51. Rxa5 c5 {etc.})
50. f3 Ke7 51. Ra7+ Kf6 52. h6 gxh6 53. Bd3 Rc3 54. Kd2 Ra3 $2 {Black wants to
win with maximum comfort, but this is misleading.} ({A hands-on approach} 54...
d4 55. Rxa5 c5 56. g4 fxg4 57. fxg4 Ke6 58. Ra7 Kd5 59. Bxh7 Ne4+ {was
strongly recommended.}) 55. Ra6 Ra2+ 56. Ke1 Rg2 57. Rxc6 {The key pawn has
been eliminated. Caruana is in a tailspin.} Ke7 58. Rc7+ Ke6 59. Rxh7 Nf7 60.
Bb5 Rxg3 61. Be8 Nd6 62. Kf2 Rh3 63. Bc6 d4 64. Kg2 Rh4 65. Kg3 Rh1 66. Kg2 Ra1
67. Rxh6+ Ke7 68. Rh7+ Kf8 69. Rd7 Nc4 70. Rxd4 Rc1 71. Bb5 Nb6 72. Rd6 Nc4 73.
Ra6 Ke7 74. Kf2 Rc2+ 75. Kg3 Ne3 76. Rxa5 Rg2+ 77. Kh4 Rg1 (77... Rh2+ 78. Kg3
Rg2+ 79. Kh3 Rf2 80. Bc6 Nf1) 78. Ra6 Kf7 79. Ra3 Ng2+ 80. Kg3 Ne1+ 81. Kf2 Rh1
82. Bc4+ Kf6 83. Ra6+ (83. Rc3 Nc2 84. Kg2 {would have completed this
incredible turn-around some 40 moves sooner.}) 83... Kg7 84. Ra7+ Kf6 85. Rf7+
Kg6 86. Rc7 Nc2 87. Rc6+ Kg7 88. Rc7+ Kf6 89. Rc6+ Kg7 90. Rd6 Nb4 91. Be6 Kf6
92. Bc8+ Ke7 93. Rd7+ Kf6 94. Rd4 Rb1 95. Rd6+ Ke7 96. Rh6 Nd3+ 97. Ke3 Nc5 98.
Bxf5 Rb3+ 99. Kf2 Kf7 100. Kg3 Rb2 101. Rc6 Rb5 102. Kg4 Ra5 103. Rb6 Na4 104.
Rb7+ Kf6 105. Rb8 Nc3 106. Rb6+ Ke7 107. Be4 Ra1 108. f5 Rg1+ 109. Kf4 Kf7 110.
Ke5 Ra1 111. Rb7+ Kf8 112. Rc7 Ra5+ 113. Kf6 Ra6+ 114. Kg5 Ne2 115. f6 Ra5+
116. Kg4 Ra6 117. Kf5 Ra5+ 118. Kg4 Ra6 119. Kg5 Ra5+ 120. Kh6 Nf4 121. Bg6 Ra8
122. Rh7 1-0

[Event "Sinquefield Cup 6th"]
[Site "Saint Louis"]
[Date "2018.08.24"]
[Round "6"]
[White "Caruana, Fabiano"]
[Black "Karjakin, Sergey"]
[Result "1-0"]
[WhiteElo "2822"]
[BlackElo "2773"]
[Annotator "Krasenkow,M"]
[PlyCount "59"]
[EventDate "2018.08.18"]
[EventType "tourn"]
[EventRounds "9"]
[EventCountry "USA"]
[EventCategory "22"]
[SourceTitle "CBM 186"]
[Source "ChessBase"]
[SourceDate "2018.09.14"]
[SourceVersion "1"]
[SourceVersionDate "2018.09.14"]
[SourceQuality "1"]

1. d4 Nf6 2. c4 e6 3. Nc3 Bb4 4. g3 {Fernandez,D: 'Not one of the most common
answers to the Nimzo-Indian. What seems to have occurred is that White gambled
on Black wanting to try and play a Catalan-type structure, regardless of any
slightly better options around.'} O-O (4... c5 {seems like the most principled
continuation to me, especially since d5 is probably an ill-advised response.
Sample lines:} 5. dxc5 (5. d5 Ne4 $1 6. Qc2 Qf6 $1 $15 {is a nice tactical
point}) (5. Nf3 b6 6. Bg2 Bb7 7. O-O Bxc3 8. bxc3 $132 {is a normal Bogo-type
position where Black could play, for instance, ...Be4 or ...Nc6.}) 5... Na6 6.
Bg2 O-O 7. Nf3 Nxc5 8. O-O Bxc3 9. bxc3 d6 $11) 5. Bg2 d5 {Fernandez,D: 'Not a
mistake, but giving White the kind of game he asked for.'} (5... Nc6 $5 6. Nf3
Na5 {This is quite an unusual concept, relying from very early on upon the one
weakness that has been created by White's fianchetto.} 7. Qa4 Bxc3+ 8. bxc3 b6
$11) 6. Nf3 dxc4 7. O-O {Fernandez,D: 'Of course, this is a position with
significant theory around it, and Black should not be worse if he is extremely
vigilant. In the next note, we will see a Black win...'} Nc6 8. Qa4 $5 {
The idea of this move is prompt recapture of the c4-pawn.} Bd7 (8... Nd5 {
is the main theoretical line, after which White has to play a pawn down and
seek compensation: Fernandez,D: 'This is the early suggestion of my machine,
but in my experience, the defence of a 'Catalan c4-pawn' with ...Nb6 or ...Na5
is extremely easy to over-rate.'} 9. Qc2 Be7 (9... Nb6 10. Rd1 $44 {There will
follow e4 and b3.}) ({Attempting to mix ideas doesn't work:} 9... a6 10. a3 Be7
11. e4 Nb6 12. Be3 $14) 10. Rd1 {etc.}) 9. Bg5 {The most logical move.
Fernandez,D: 'This is almost a novelty, although its previous usage indicates
some pedigree.'} (9. Rd1 Bxc3 10. bxc3 Nxd4 11. Qxc4 Nxf3+ 12. Bxf3 Qc8 13. Qc5
Re8 14. Bg5 Nd5 15. e4 Nb6 16. e5 Bc6 17. Bxc6 bxc6 18. Qxc6 h6 19. Be3 Nd5 $11
{1/2 (71) Baryshpolets,A (2609)-Henderson de La Fuente,L (2485) Rockville USA
2018}) ({Fernandez,D: 'Previously} 9. Qc2 {was tested.'} Be7 (9... Rb8 10. Rd1
b5 11. Ne5 Nxe5 12. dxe5 Nd5 13. Bxd5 exd5 14. Nxd5 Ba5 15. Bf4 $14 {1-0 (51)
Mochalov,E (2374)-Vaganian,R (2550) Minsk 2018}) 10. e4 (10. Bg5 $5 {seems
advisable here too, and there could follow} Rb8 11. Bxf6 Bxf6 12. Ne4 b5 13. b3
$13 {with considerable mess}) 10... Nb4 (10... Rb8 11. Rd1 b5 12. Qe2 b4 13. d5
$13 {1/2 (35) Porat,M (2274)-Mascaro March,P (2413) Arinsal 2011}) 11. Qe2 Nd3
12. Ne1 $13 (12. Be3 {0-1 (41) So,W (2780)-Anand,V (2768) Saint Louis 2018} c5
$17 {Fernandez,D: '=/+!'} (12... b5 13. Ne1 Nxe1 14. Rfxe1 c6 15. Rad1 Rc8 16.
d5 cxd5 17. exd5 Qa5 $36 {So,W-Anand,V Saint Louis 2018, White's Catalan
bishop was looking less useful than usual.}))) 9... a5 $6 {Hardly the best
continuation. Fernandez,D: 'This is a reasonable choice. The various
alternatives all reflect the reality that over the next few moves, both sides
will lose their bishop pairs and White will recover the c4-pawn.'} (9... Rb8 {
Fernandez,D: 'might be the most clinical move to equalise.'} 10. Rad1 (10. Bxf6
$5 Qxf6 11. Ne5 Qe7 12. Nxc6 bxc6 13. Bxc6 $14 {M.Roiz}) 10... Bxc3 11. bxc3 h6
12. Bxf6 Qxf6 13. Qxc4 $14 {1/2 (67) Matlakov,M (2735)-Tomashevsky,E (2713) St
Petersburg 2017} Rfc8 $1 $11 {Matlakov,M-Tomashevsky,E St Petersburg 2017.
Black gets ...Na5 and ...c5 soon, Grünfeld-style, and I believe the position
is approximately equal.}) (9... Bxc3 $142 $1 10. bxc3 Nxd4 11. Qxc4 Nc6 $1 {
, and White's compensation for the pawn (pair of bishops and active pieces) is
insufficient to claim an advantage:} 12. Rfd1 Qe7 13. Rab1 $1 Rab8 14. Nd4 h6
15. Be3 Qe8 $1 16. Nxc6 Bxc6 17. Bxa7 Ra8 18. Bxc6 Qxc6 19. Qxc6 bxc6 20. Rb7
Rfc8 21. c4 {1-0 (41) Roiz,M (2614)-Psakhis,L (2475) Israel ISR 2018} Ne8 $1
22. Rd7 e5 $11 {[%cal Yg7g5,Yg8g7,Yg7f6,Yf6e6] M.Roiz}) 10. Bxf6 $1 (10. Rfd1
$6 {1-0 (17) Lenderman,A (2600)-Gretarsson,H (2568) Reykjavik ISL 2018} Bxc3 (
10... Nxd4 $5 11. Rxd4 Bxc3 $6 (11... Bxa4 12. Rxd8 Rfxd8 13. Nxa4 h6 $15 {
still leaves White a little awkwardly placed}) 12. Rxd7 Qxd7 13. Qxd7 Nxd7 14.
bxc3 f6 15. Be3 Rab8 16. Nd4 Kf7 17. Nb5 $16 {Lenderman,A -Gretarsson,H
Reykjavik 2018. Black's resignation here was perhaps a little early, but it is
clear that the two pieces are very much better than the rook.}) 11. bxc3 Nb4
$17 {Fernandez,D: '-/+!' Fernandez,D: 'was the correct way of exploiting
White's awkward queen position.'}) 10... Qxf6 (10... gxf6 11. Qc2 {[%csl Rg8]})
11. a3 {White regains a pawn and obtains a small but clear positional
advantage.} Bxc3 (11... Nxd4 12. Qxd7 Bxc3 13. bxc3 Nxe2+ 14. Kh1 Nxc3 15. Rfc1
b5 16. Qd4 $16) 12. bxc3 Qd8 (12... b6 $5 13. Qxc4 Rac8 $14) 13. Qxc4 a4 14.
Nd2 Na5 15. Qb4 Ra7 {[%csl Ra7]} 16. Rab1 b6 {This defensive arrangement is
too passive.} 17. e3 {This, however, allows an exchange of bishops, which
improves Black's position.} (17. Rfd1 $142 Bc6 18. e4) (17. Nc4 $142 $5 Bc6 18.
e4) 17... Bc6 18. Bxc6 Nxc6 19. Qb5 Qa8 20. c4 Rd8 21. Rfc1 e5 $2 {[%mdl 16384]
It was better to wait:} (21... h6 $14) 22. d5 Nb8 (22... Ne7 23. e4 {[%cal
Yc4c5]}) 23. c5 $1 Ra5 24. Qb2 Qxd5 25. cxb6 cxb6 26. Nc4 Rc5 27. Qxb6 $16 {
White has a clear advantage now due to the poor position of Black's knight.} f6
$2 {[%mdl 8192] This move loses at once.} (27... Rf8 $142 28. Qxb8 Rxc4 29.
Rxc4 Qxc4 30. Qxe5 $16) 28. Rd1 $1 Qxd1+ 29. Rxd1 Rxd1+ 30. Kg2 (30. Kg2 Nd7 (
30... Rxc4 31. Qe6+) (30... Rc8 31. Qe6+) 31. Qe6+ Kf8 32. Nd6 Rxd6 33. Qxd6+
Ke8 34. Qe6+ Kd8 35. Qg8+ $18) 1-0